000 00902cam a2200313 4500500
005 20260405002719.0
041 _afre
042 _adc
100 1 0 _aMarkwardt, Nils
_eauthor
245 0 0 _aUnion soviétique – Silicon Valley. Un même combat pour l’immortalité ?
260 _c2018.
500 _a71
690 _aCommunisme
690 _aConquête spatiale
690 _aGafa
690 _aImmortalité
690 _aMort
690 _aPeter Thiel
690 _aPosthumanisme
690 _aRussie
690 _aScience
690 _aSilicon Valley
690 _aSoviétisme
690 _aTransuhmanisme
690 _aUnion soviétique
690 _aVie éternelle
786 0 _nPhilosophie magazine | 120 | 6 | 2018-06-01 | p. 14-16 | 1951-1787
856 4 1 _uhttps://shs.cairn.info/magazine-philosophie-magazine-2018-6-page-14?lang=fr&redirect-ssocas=7080
999 _c2060371
_d2060371